IFRS 16 Leases: The Result of the IASB and FASB Cooperation with a Focus on Differences Compared to ASC 842

Vysvetlenie vplyvu IFRS 16 na účtovnú závierku a určenie hlavných rozdielov medzi IFRS 16 a ASC 842. Analýza IFRS 16 a porovnanie článkov v IFRS 16 a ASC 842. Dosiahnutie odlišností, pokiaľ ide o niektoré aspekty účtovania lízingu, napriek snahe o konvergenciu IFRS a US GAAP. Poukázanie na problema...

Description complète

Enregistré dans:
Détails bibliographiques
Auteur principal: Gedeon, Milan, 1993-
Format: Chapitre de livre
Langue:anglais
Sujets:
Tags: Ajouter un tag
Pas de tags, Soyez le premier à ajouter un tag!

MARC

LEADER 00000naa$a2200000$$$4500
001 0258293
005 20240502083733.4
041 0 |a eng 
044 |a CZ 
245 1 0 |a IFRS 16 Leases: The Result of the IASB and FASB Cooperation with a Focus on Differences Compared to ASC 842  |c Milan Gedeon 
520 |a Vysvetlenie vplyvu IFRS 16 na účtovnú závierku a určenie hlavných rozdielov medzi IFRS 16 a ASC 842. Analýza IFRS 16 a porovnanie článkov v IFRS 16 a ASC 842. Dosiahnutie odlišností, pokiaľ ide o niektoré aspekty účtovania lízingu, napriek snahe o konvergenciu IFRS a US GAAP. Poukázanie na problematiku odlišnej klasifikácie lízingu z pohľadu nájomcu. 
610 2 0 |a IFRS 
610 2 0 |a štandardy účtovné medzinárodné 
610 2 0 |a lízing 
610 2 0 |a závierka účtovná 
610 2 0 |a konvergencia 
610 2 0 |a výkazníctvo účtovné 
100 1 |a Gedeon, Milan, 1993-